Náš názor na... predaj podniku

Predaj podniku ako celku alebo časti podniku. Organizačná zložka podniku. Prevádzkáreň. Predmet zmluvy o predaji podniku alebo časti podniku. Účtovanie predaja podniku. Právne predpisy.

Salvato in:
Dettagli Bibliografici
Autore principale: Babjaková, Viera
Altri autori: Škultéty, Jozef
Natura: Capitolo di libro
Lingua:slovacco
Soggetti:
Tags: Aggiungi Tag
Nessun Tag, puoi essere il primo ad aggiungerne!!

MARC

LEADER 00000naa$a2200000$$$4500
001 0039652
005 20240502071504.0
041 0 |a slo 
044 |a SK 
245 1 0 |a Náš názor na...  |b predaj podniku  |c Viera Babjaková, Jozef Škultéty 
520 |a Predaj podniku ako celku alebo časti podniku. Organizačná zložka podniku. Prevádzkáreň. Predmet zmluvy o predaji podniku alebo časti podniku. Účtovanie predaja podniku. Právne predpisy. 
610 2 0 |a predaj 
610 2 0 |a podnik 
610 2 0 |a zmluvy 
610 2 0 |a účtovanie 
100 1 |a Babjaková, Viera 
700 1 |a Škultéty, Jozef